Humanidades (Record no. 182870)
[ view plain ]
| 000 -LEADER | |
|---|---|
| campo de control de longitud fija | 00924nas a2200253 i 4500 |
| 001 - NÚMERO DE CONTROL | |
| campo de control | 182870 |
| 003 - IDENTIFICADOR DE NÚMERO DE CONTROL | |
| campo de control | ES-MaACL |
| 005 - FECHA Y HORA DE LA ÚLTIMA TRANSACCIÓN | |
| campo de control | 20250827235440.0 |
| 008 - DATOS DE LONGITUD FIJA--INFORMACIÓN GENERAL | |
| campo de control de longitud fija | 131120d19591966ve a| | ||pa d |
| 022 ## - NÚMERO INTERNACIONAL NORMALIZADO PARA PUBLICACIONES SERIADAS | |
| Número Internacional Normalizado para Publicaciones Seriadas | 0441-4152 |
| 080 ## - NÚMERO DE LA CLASIFICACIÓN DECIMAL UNIVERSAL | |
| Número de la Clasificación Decimal Universal | 009 |
| 245 00 - MENCIÓN DEL TÍTULO | |
| Título | Humanidades |
| Resto del título | : revista de la Facultad de Humanidades [de la Universidad de Los Andes]. |
| 260 ## - PUBLICACIÓN, DISTRIBUCIÓN, ETC. | |
| Lugar de publicación, distribución, etc. | Mérida [Venezuela] : |
| Nombre del editor, distribuidor, etc. | Universidad de Los Andes, |
| Fecha de publicación, distribución, etc. | 1959-[1966] |
| 300 ## - DESCRIPCIÓN FÍSICA | |
| Extensión | 1 v. (600 p.) ; |
| Dimensiones | 23 cm. |
| 310 ## - PERIODICIDAD ACTUAL | |
| Periodicidad actual | Anual, |
| Fecha de comienzo de la periodicidad actual | 1961-1966 |
| 321 ## - PERIODICIDAD ANTERIOR | |
| Periodicidad anterior | Trimestral, |
| Fechas de la periodicidad anterior | 1959-1960 |
| 362 0# - FECHAS DE PUBLICACIÓN Y/O DESIGNACIÓN SECUENCIAL | |
| Fecha de publicación y/o designación secuencial | Año 1, t. 1, n. 1 (en.-marzo 1959)-años 5/6, t. 5/6, n. 12/13 (1963/1964) |
| 500 ## - NOTA GENERAL | |
| Nota general | Subtít. (1961-1966): anuario de la Facultad de Humanidades y Educación. |
| 650 07 - PUNTO DE ACCESO ADICIONAL DE MATERIA--TÉRMINO DE MATERIA | |
| Término de materia o nombre geográfico como elemento de entrada | Humanidades |
| Fuente del encabezamiento o término | embne |
| 9 (RLIN) | 13498 |
| 710 2# - ENTRADA AGREGADA--NOMBRE DE ENTIDAD CORPORATIVA | |
| Nombre de entidad corporativa o nombre de jurisdicción como elemento de entrada | Universidad de los Andes (Mérida, Venezuela) |
| 9 (RLIN) | 7203 |
| 852 ## - LOCALIZACIÓN | |
| Ubicación | ES-MaACL |
| Número de control de estantería | C-29855 |
| 866 #0 - MENCIÓN TEXTUAL DE FONDOS--UNIDAD BIBLIOGRÁFICA BÁSICA | |
| Fondos | (Nº 11-12 de1963/1964). |
| Estatus retirado | Estado de pérdida | Estado de daño | No para préstamo | Colección | Biblioteca de origen | Biblioteca actual | Ubicación en estantería | Fecha de adquisición | Fuente de adquisición | Total de préstamos | Signatura topográfica completa | Código de barras | Visto por última vez | Precio de reemplazo | Tipo de ítem Koha |
|---|---|---|---|---|---|---|---|---|---|---|---|---|---|---|---|
| Periódicos y Revistas | Biblioteca del Ateneo de Madrid | Biblioteca del Ateneo de Madrid | Depósito 2 | 20/11/2013 | C-29855 | 1192191 | 23/02/2023 | 23/02/2023 | Revista |
